00910 a2200193 4500003000500000005001700005010001600022020001500038040000900053082001800062100002400080245007300104260008200177300003400259440007100293505029600364650003400660700002200694Nust20221222190520.0 a 90001183 a0256088608 cNust00a621.38275,BAN1 aBanerjee, Partha P.10aPrinciples of applied optics /cPartha P. Banerjee, Ting-Chung Poon. a[Pacific Palisades, CA] :bAksen Associates ;aHomewood, IL :bIrwin,cc1991. axiv, 347 p. :bill. ;c25 cm. 4aThe Aksen Associates series in electrical and computer engineering aMathematical Preliminaries (Page-1), Geometrical Optics (Page-16), Physical Optics (Page-50), Optical Information Processing (Page-121), Optical Information Processing (Page-161), Acoustooptics and Electrooptics (Page-190), Lasers and Photodetectors (Page-241), Nonlinear Optics (Page-287).  0aTelecommunication Engineering1 aPoon, Ting-Chung.